000 00899nam a2200265Ia 4500
005 20220317001110.0
008 160825s2008 sp g 000 0 spa
020 _a97884206617012
100 1 _aMachado y Ruíz, Antonio
_d1875-1939
245 1 0 _aPoesía
_cAntonio Machado ; introducción y antología de Jorge Campos
250 _a1a edición
_b1a reimpr.
300 _a176 páginas
_c18 cm
490 _aEl libro de bolsillo
_pbiblioteca de autor
650 1 4 _2LEMB
_aPoesía española
_ySiglo XX
650 1 4 _2LEMB
_aPoesía lírica
_ySiglo XX
650 1 4 _2LEMB
_aLiteratura española
_ySiglo XX
700 1 _aCabrera Salort, Rmón
_915628
942 _2loc
_cBKLIT
264 _aMadrid
_bAlianza
_c2008
336 _atexto
_btxt
_2rdacontent
337 _asin mediación
_bn
_2rdamedia
338 _avolumen
_bnc
_2rdacarrier
040 _aCO-BoRNBP
_bspa
_erda
_cCO-BoRNBP
084 _aP MAC4
999 _c5924
_d5924